[Event "Østlandsserien 2004/2005, 2. div. A"]
[Site "Oslo NOR"]
[Date "2004.11.07"]
[Round "1"]
[White "Johansen, Trond Arne"]
[Black "Søreng, Eirik"]
[Result "1-0"]
[WhiteElo "1750"]
[BlackElo "1512"]
[PlyCount "119"]
[EventDate "2004.11.07"]

1. d4 Nf6 2. Nf3 e6 3. e3 b6 4. Bd3 Bb7 5. Nbd2 d5 6. Ne5 Bd6 7. f4 Nbd7 8. Qf3
c5 9. c3 Qc7 10. O-O Rf8 11. Bb5 O-O-O 12. Qe2 Nb8 13. c4 Ng8 14. cxd5 Bxd5 15.
Nec4 Be7 16. Na3 f6 17. Nf3 Kb7 18. e4 Bc6 19. Be3 Bxe4 20. dxc5 Bxc5 21. Rac1
Bd5 22. Kh1 Qf7 23. Bxc5 bxc5 24. Bc4 Nh6 25. Bxd5+ Rxd5 26. Qb5+ Ka8 27. Rc3
Qb7 28. Rxc5 Qxb5 29. Rxb5 Rfd8 30. Rxd5 Rxd5 31. Kg1 Nd7 32. Re1 e5 33. fxe5
Nxe5 34. Nxe5 fxe5 35. Nc4 Nf7 36. Kf2 Kb7 37. b3 Kc7 38. Re2 Kc6 39. Ke3 Rd7
40. Ke4 Re7 41. Rd2 g6 42. h4 Re6 43. a3 h6 44. Rd5 Kc7 45. Rc5+ Kd8 46. Nxe5
Nxe5 47. Rxe5 Rb6 48. Rd5+ Ke7 49. b4 Ke6 50. Ra5 a6 51. Rc5 Rd6 52. a4 Kf6 53.
b5 Re6+ 54. Kd5 axb5 55. axb5 Re8 56. Kd4 Re2 57. g3 Rg2 58. Rc3 Rb2 59. Kc5
Ke5 60. b6 1-0

[Event "Østlandsserien 2004/2005, 2. div. A"]
[Site "?"]
[Date "2004.12.05"]
[Round "2.2"]
[White "Semakoff, Aleks"]
[Black "Sørseth, Gjermund"]
[Result "1/2-1/2"]
[WhiteElo "2056"]
[BlackElo "1806"]
[PlyCount "87"]
[EventDate "2004.??.??"]
[WhiteTeam "Follo 1"]
[BlackTeam "Caïssa"]

1. e4 c5 2. Nf3 Nc6 3. Nc3 e6 4. d4 cxd4 5. Nxd4 a6 6. Be3 Qc7 7. Bd3 Nf6 8.
O-O Bd6 9. h3 b6 10. Nxc6 Qxc6 11. f4 Bb7 12. Qe2 Bb4 13. Rae1 Bxc3 14. bxc3
Nxe4 15. Bxe4 Qxe4 16. Bxb6 Qxe2 17. Rxe2 Bd5 18. Ra1 O-O 19. a3 Rfc8 20. Bd4
Rab8 21. Ree1 Rb7 22. Rab1 Rcb8 23. Rb4 a5 24. Rxb7 Rxb7 25. f5 f6 26. fxe6
dxe6 27. Rd1 Kf7 28. Kf2 Rb2 29. Rd2 Bb3 30. h4 Rxc2 31. Rxc2 Bxc2 32. a4 Bxa4
33. Bb6 Bb5 34. Bxa5 e5 35. Ke3 Ke6 36. Bb4 f5 37. g3 Bc4 38. Bf8 Kf7 39. Bb4
h6 40. Bd6 Kf6 41. Bc7 g5 42. hxg5+ hxg5 43. Bd8+ Kg6 44. Bc7 1/2-1/2

[Event "Østlandsserien 2004/2005, 2. div. A"]
[Site "Drammen"]
[Date "2005.01.16"]
[Round "4.2"]
[White "Edvardsen, Ragnar"]
[Black "Solem, Trond"]
[Result "0-1"]
[WhiteElo "1805"]
[BlackElo "2130"]
[PlyCount "134"]
[EventDate "2005.??.??"]
[WhiteTeam "Drammen 1"]
[BlackTeam "Follo 1"]

1. e4 d6 2. d4 Nd7 3. Nc3 e5 4. Nf3 Be7 5. Bc4 Ngf6 6. O-O O-O 7. Bg5 c6 8. Bb3
b5 9. Bxf6 Bxf6 10. d5 b4 11. dxc6 bxc3 12. cxd7 Ba6 13. Re1 cxb2 14. Rb1 Qxd7
15. Rxb2 Rab8 16. Rb1 Qc7 17. Qd2 g6 18. Rbd1 Rb6 19. h3 Kg7 20. Nh2 h6 21. Ng4
Bg5 22. Ne3 Qc5 23. Qd5 Qc3 24. Nc4 Bxc4 25. Qxc4 Bd2 26. Qxc3 Bxc3 27. Re3 Bd4
28. Rf3 f5 29. exf5 gxf5 30. Rg3+ Kh7 31. Kf1 Bc5 32. h4 Rb4 33. Rh3 a5 34. Bd5
Rf4 35. Rd2 a4 36. g3 Rb4 37. c3 Rb1+ 38. Ke2 Rc1 39. c4 a3 40. Rh1 Rxh1 41.
Bxh1 Rb8 42. Bd5 Kg6 43. f3 Rb1 44. g4 Rh1 45. h5+ Kf6 46. Kd3 e4+ 47. fxe4
Rh3+ 48. Kc2 fxg4 49. Rg2 Kg5 50. Be6 Rh4 51. Rd2 Rxh5 52. Rd5+ Kh4 53. Rxh5+
Kxh5 54. Kd2 Kg5 55. Ke2 h5 56. Kf1 Kf4 57. Bf7 h4 58. Kg2 Kxe4 59. Be6 Kf4 60.
Bf7 Ke3 61. Be6 Kf4 62. Bf7 h3+ 63. Kh2 Bd4 64. Be6 Be5 65. Kh1 Kg5 66. Kg1 Kh4
67. Bd5 g3 0-1

[Event "Østlandsserien 2004/2005, 2. div. A"]
[Site "Ås"]
[Date "2005.02.13"]
[Round "5.2"]
[White "Solem, Trond"]
[Black "Jensen, Arne-Roger"]
[Result "1-0"]
[WhiteElo "2130"]
[BlackElo "1857"]
[PlyCount "79"]
[EventDate "2005.??.??"]
[WhiteTeam "Follo 1"]
[BlackTeam "Sarpsborg 1"]

1. d4 f5 2. e4 fxe4 3. Nc3 Nf6 4. Bg5 e6 5. f3 e3 6. Bxe3 Bb4 7. a3 Bxc3+ 8.
bxc3 Nd5 9. Bd2 O-O 10. Nh3 Qh4+ 11. g3 Qh5 12. f4 Qxd1+ 13. Rxd1 Nc6 14. c4
Nxd4 15. cxd5 Nxc2+ 16. Kf2 exd5 17. Bg2 c6 18. Rc1 Nxa3 19. Bb4 Nc4 20. Bxf8
Kxf8 21. Rhe1 b5 22. Re2 a5 23. Rce1 Nd6 24. Ke3 Nf5+ 25. Kd2 Bb7 26. Nf2 c5
27. Re5 Nd4 28. Kd3 a4 29. Bxd5 Bxd5 30. Rxd5 Nb3 31. Kc3 b4+ 32. Kc4 Rb8 33.
Nd3 Nd2+ 34. Kxc5 Nb3+ 35. Kd6 a3 36. Kc7 Ra8 37. Nxb4 a2 38. Nxa2 Rxa2 39.
Rf5+ Kg8 40. Re8# 1-0

[Event "Østlandsserien 2004/2005, 2. div. A"]
[Site "Follo, Akershus NOR"]
[Date "2004.12.05"]
[Round "2"]
[White "Gulliksen, Finn M"]
[Black "Ådnøy, Hallvard"]
[Result "0-1"]
[WhiteElo "1844"]
[BlackElo "2173"]
[PlyCount "62"]
[EventDate "2004.11.07"]

1. d4 Nf6 2. c4 e6 3. Nc3 d5 4. Nf3 Be7 5. Bg5 O-O 6. e3 h6 7. Bh4 b6 8. cxd5
Nxd5 9. Nxd5 exd5 10. Bxe7 Qxe7 11. Qb3 Be6 12. Be2 c5 13. dxc5 bxc5 14. Qa3
Nc6 15. Rc1 Nb4 16. Qa5 d4 17. a3 Na2 18. Rxc5 dxe3 19. fxe3 Rac8 20. Rxc8 Rxc8
21. Qd2 Bb3 22. O-O Rc2 23. Qd3 Nc1 24. Rxc1 Rxc1+ 25. Kf2 Be6 26. Qd2 Qc7 27.
Bd3 Bg4 28. Ne5 Rd1 29. Qc3 Qxc3 30. bxc3 Be6 31. Bb5 Rd5 0-1

[Event "Østlandsserien 2004/2005, 2. div. A"]
[Site "Follo, Akershus NOR"]
[Date "2004.12.05"]
[Round "2"]
[White "Holmboe, Jan Raymond"]
[Black "Gaasland, Glenn"]
[Result "0-1"]
[WhiteElo "1717"]
[BlackElo "1934"]
[PlyCount "54"]
[EventDate "2004.11.07"]

1. e4 c5 2. Nf3 Nc6 3. g3 d6 4. Bg2 g6 5. O-O Bg7 6. c3 e5 7. Na3 Nge7 8. Nc2
f5 9. exf5 Nxf5 10. d4 cxd4 11. cxd4 e4 12. Re1 d5 13. Bf4 O-O 14. Ne5 Nfxd4
15. Nxc6 Nxc6 16. f3 Bxb2 17. Bh6 Bxa1 18. Qxa1 Rf7 19. fxe4 d4 20. e5 Bf5 21.
e6 Re7 22. Bxc6 Bxc2 23. Rf1 bxc6 24. Rf8+ Qxf8 25. Bxf8 Rxf8 26. Qxd4 Bf5 27.
Qc5 Bh3 0-1

[Event "Østlandsserien 2004/2005, 2. div. A"]
[Site "Follo, Akershus NOR"]
[Date "2004.12.05"]
[Round "2"]
[White "Næssvold, Kjell"]
[Black "Farmen, Pål"]
[Result "1-0"]
[WhiteElo "1913"]
[BlackElo "1666"]
[PlyCount "79"]
[EventDate "2004.11.07"]

1. e4 c6 2. c4 d5 3. exd5 cxd5 4. cxd5 Qxd5 5. Nc3 Qd8 6. d4 e6 7. Nf3 Nf6 8.
Bg5 Be7 9. Bc4 O-O 10. O-O a6 11. a4 b6 12. Qd3 Bb7 13. Rad1 Nc6 14. Rfe1 Nb4
15. Qe2 Nfd5 16. Bc1 Qc7 17. Ne5 Rfd8 18. Nxd5 exd5 19. Bb3 Bd6 20. h3 Re8 21.
Qh5 Re6 22. Nf3 Rxe1+ 23. Nxe1 Bf4 24. Bxf4 Qxf4 25. g3 Qd6 26. Ng2 Re8 27. Ne3
Re4 28. Qg5 f6 29. Qf5 Qe6 30. Qf3 g6 31. g4 Kg7 32. Rc1 Bc6 33. Qg3 Kh6 34. h4
Qe7 35. Kg2 Rxd4 36. g5+ fxg5 37. hxg5+ Kg7 38. Re1 Qf7 39. Qe5+ Kg8 40. Qxd4
1-0

[Event "Østlandsserien 2004/2005, 2. div. A"]
[Site "Follo, Akershus NOR"]
[Date "2004.12.05"]
[Round "2"]
[White "Nilson, Bjørn Lund"]
[Black "Lea, Per"]
[Result "0-1"]
[WhiteElo "1503"]
[BlackElo "1632"]
[PlyCount "76"]
[EventDate "2004.11.07"]

1. d4 d5 2. c4 e6 3. Nc3 Nf6 4. Bg5 Be7 5. Nf3 O-O 6. e3 Nbd7 7. Qc2 c6 8. Bd3
dxc4 9. Bxc4 Nd5 10. Bxe7 Qxe7 11. e4 Nxc3 12. bxc3 e5 13. O-O c5 14. Rad1 cxd4
15. cxd4 exd4 16. Rxd4 Ne5 17. Nxe5 Qxe5 18. Rd5 Qe7 19. f4 Be6 20. f5 Bxd5 21.
Bxd5 Rac8 22. Qb2 b6 23. h3 Qc5+ 24. Kh1 Qc3 25. Qe2 Qe5 26. Qg4 Rc3 27. Qe2
Qg3 28. Qa6 Rc2 29. Rg1 Rfc8 30. Bb3 Rc1 31. Bd1 Rd8 32. Qe2 Qd3 33. Qxd3 Rxd3
34. Bb3 Rxg1+ 35. Kxg1 a5 36. Kf2 b5 37. Ke2 Rc3 38. Kd2 Rg3 0-1

[Event "Østlandsserien 2004/2005, 2. div. A"]
[Site "Fredrikstad, Østfold NOR"]
[Date "2005.01.15"]
[Round "3"]
[White "Ådnøy, Hallvard Voll"]
[Black "Bjørnland, Svein"]
[Result "1-0"]
[WhiteElo "2192"]
[BlackElo "1819"]
[PlyCount "33"]
[EventDate "2004.11.07"]

1. e4 c6 2. d4 d5 3. f3 dxe4 4. fxe4 e5 5. Nf3 exd4 6. Bc4 Bc5 7. O-O Nf6 8.
Ng5 Bg4 9. Qd3 Be2 10. Bxf7+ Ke7 11. Qg3 d3+ 12. Kh1 Ng4 13. Ne6 Qb6 14. Bg5+
Kd7 15. Nxg7 Nf2+ 16. Rxf2 Bxf2 17. Be6# 1-0

[Event "Østlandsserien 2004/2005, 2. div. A"]
[Site "Fredrikstad, Østfold NOR"]
[Date "2005.01.15"]
[Round "3"]
[White "Ludvigsen, Jan"]
[Black "Solem, Trond"]
[Result "0-1"]
[WhiteElo "1606"]
[BlackElo "2130"]
[PlyCount "48"]
[EventDate "2004.11.07"]

1. e4 c5 2. Nf3 e6 3. d4 cxd4 4. Nxd4 a6 5. Nc3 Qc7 6. Bd3 Nf6 7. O-O b5 8. a3
Bb7 9. Kh1 d6 10. f4 Nbd7 11. Qf3 Be7 12. Be3 Nb6 13. Rae1 Nc4 14. Bc1 h5 15.
Qe2 h4 16. Ndxb5 axb5 17. Nxb5 Qc5 18. Bxc4 Nxe4 19. Be3 Ng3+ 20. hxg3 hxg3+
21. Kg1 Qf5 22. Bd3 Qf6 23. Qg4 Rh1+ 24. Kxh1 Qh6+ 0-1

[Event "Østlandsserien 2004/2005, 2. div. A"]
[Site "Fredrikstad, Østfold NOR"]
[Date "2005.01.15"]
[Round "3"]
[White "Semakoff, Aleks"]
[Black "Sæther, Lars"]
[Result "1-0"]
[WhiteElo "2056"]
[BlackElo "1512"]
[PlyCount "47"]
[EventDate "2004.11.07"]

1. e4 d5 2. exd5 Nf6 3. c4 c6 4. d4 cxd5 5. Nc3 dxc4 6. Bxc4 e6 7. Nf3 Be7 8.
O-O O-O 9. Bg5 Qc7 10. Qd3 Rd8 11. Rfe1 a6 12. a3 b5 13. Ba2 Bb7 14. Rac1 Qb6
15. d5 b4 16. axb4 Qxb4 17. Bxf6 Bxf6 18. dxe6 fxe6 19. Rxe6 Kf8 20. Rxf6+ gxf6
21. Qxd8+ Kg7 22. Nd5 Qxb2 23. Rb1 Qxa2 24. Qxf6+ 1-0

[Event "Østlandsserien 2004/2005, 2. div. A"]
[Site "Fredrikstad, Østfold NOR"]
[Date "2005.01.15"]
[Round "3"]
[White "Sæther, Steinar"]
[Black "Næssvold, Kjell"]
[Result "0-1"]
[WhiteElo "1617"]
[BlackElo "1930"]
[PlyCount "98"]
[EventDate "2004.11.07"]

1. e4 c5 2. Nc3 d6 3. f4 Nc6 4. Bc4 Nf6 5. d3 g6 6. Nge2 Bg7 7. O-O a6 8. a4
Bg4 9. Be3 O-O 10. Qd2 Rb8 11. f5 Bxe2 12. Qxe2 Ne5 13. fxg6 hxg6 14. Ba2 Qd7
15. Qd2 Neg4 16. Bg5 Nh7 17. Bh4 Be5 18. h3 Ngf6 19. Qh6 e6 20. Rf3 Nh5 21.
Raf1 Bg7 22. Qd2 b5 23. a5 Bd4+ 24. Kh1 Kg7 25. Nd1 f5 26. exf5 exf5 27. c3 Bf6
28. Bxf6+ N5xf6 29. Ne3 Rbe8 30. Qf2 d5 31. Qg3 Nh5 32. Qh4 f4 33. Nxd5 Ng3+
34. Kg1 g5 35. Qg4 Qxg4 36. hxg4 Nxf1 37. Kxf1 Rc8 38. Rf2 Nf6 39. Nxf6 Rxf6
40. Re2 f3 41. Re3 fxg2+ 42. Kxg2 Rcf8 43. Re7+ Kh8 44. Re2 Rf4 45. Re6 Rf2+
46. Kg1 Rxb2 47. Bd5 Rf4 48. Rxa6 Rxg4+ 49. Kf1 Ra4 0-1

[Event "Østlandsserien 2004/2005, 2. div. A"]
[Site "Fredrikstad, Østfold NOR"]
[Date "2005.01.15"]
[Round "3"]
[White "Lea, Per"]
[Black "Talat, Hogir"]
[Result "1-0"]
[WhiteElo "1625"]
[BlackElo "1437"]
[PlyCount "43"]
[EventDate "2004.11.07"]

1. e4 d6 2. d4 g6 3. Bc4 Nc6 4. Nf3 Bg4 5. Bxf7+ Kxf7 6. Ng5+ Ke8 7. Qxg4 Nxd4
8. Na3 Qd7 9. Qxd7+ Kxd7 10. Nf7 Bg7 11. Nxh8 Bxh8 12. c3 Nc6 13. O-O Nf6 14.
f3 a6 15. Be3 b5 16. Nc2 Ne5 17. Rad1 c5 18. Bxc5 Kc6 19. Be3 Nc4 20. Bc1 e5
21. b3 Nb6 22. Be3 1-0

[Event "Østlandsserien 2004/2005, 2. div. A"]
[Site "Drammen, Buskerud NOR"]
[Date "2005.01.16"]
[Round "4"]
[White "Ådnøy, Hallvard Voll"]
[Black "Egede-Nissen, Bjørn"]
[Result "1-0"]
[WhiteElo "2192"]
[BlackElo "1965"]
[PlyCount "99"]
[EventDate "2004.11.07"]

1. e4 d5 2. exd5 Qxd5 3. Nc3 Qa5 4. d4 Nf6 5. Bc4 Nc6 6. Nge2 Bf5 7. Bd2 O-O-O
8. Nb5 Qb6 9. a4 a5 10. O-O e6 11. h3 h6 12. Bb3 g5 13. c4 e5 14. c5 Qa6 15.
Bc4 Qa8 16. Ng3 Bg6 17. Qf3 Bg7 18. d5 e4 19. Qb3 Ne5 20. d6 c6 21. Nd4 Nfd7
22. Ndf5 Bf6 23. Rfe1 Qa7 24. Be3 Bxf5 25. Nxf5 Nxc5 26. Qc2 Ned7 27. Bxf7 Kb8
28. Ne7 Be5 29. Ng6 b6 30. Nxh8 Rxh8 31. Bg6 Nf6 32. Bxc5 bxc5 33. Bxe4 Bxd6
34. Bxc6 Qc7 35. Bb5 Rf8 36. Qg6 g4 37. hxg4 Bh2+ 38. Kh1 Be5 39. Rad1 Rg8 40.
Qf5 Rg5 41. Qe6 Nxg4 42. Rd7 Nxf2+ 43. Kg1 Ng4 44. Rxe5 Rxe5 45. Qxg4 Re1+ 46.
Bf1 Qc8 47. Qg3+ Ka8 48. Qxe1 Qxd7 49. Qxa5+ Kb8 50. Qb5+ 1-0

[Event "Østlandsserien 2004/2005, 2. div. A"]
[Site "Drammen, Buskerud NOR"]
[Date "2005.01.16"]
[Round "4"]
[White "Lange, Holger"]
[Black "Fossum, Atle Bøyum"]
[Result "0-1"]
[WhiteElo "1729"]
[BlackElo "1866"]
[PlyCount "118"]
[EventDate "2004.11.07"]

1. e4 c5 2. Nf3 d6 3. d4 cxd4 4. Nxd4 Nf6 5. Nc3 g6 6. Bg5 Bg7 7. Bb5+ Bd7 8.
Qd3 O-O 9. O-O Nc6 10. Nxc6 Bxc6 11. Bxc6 bxc6 12. Rad1 Rb8 13. b3 Nd7 14. Qh3
Re8 15. Bh6 Bh8 16. f4 Qa5 17. e5 Nc5 18. Qf3 f5 19. exf6 Bxf6 20. Ne4 Nxe4 21.
Qxe4 Qc5+ 22. Kh1 Qh5 23. Bg5 Bxg5 24. fxg5 Qxg5 25. Qxc6 Rec8 26. Qe4 Rc5 27.
c4 Re5 28. Qc2 Rf8 29. Rxf8+ Kxf8 30. Rf1+ Kg7 31. Qf2 Qf5 32. Qg1 Qd3 33. Qf2
Rf5 34. Qb2+ Kg8 35. Rg1 Rf1 36. h3 e5 37. Rxf1 Qxf1+ 38. Kh2 Qd3 39. Qf2 e4
40. Qxa7 e3 41. Qa8+ Kg7 42. Qb7+ Kf6 43. Qf3+ Ke5 44. Qg3+ Ke4 45. Qg4+ Ke5
46. Qg3+ Kd4 47. Qxd6+ Kc3 48. c5 e2 49. Qe5+ Kd2 50. Qb2+ Kd1 51. Qa1+ Kc2 52.
Qe5 Qd2 53. Qe4+ Kc1 54. Qe5 e1=Q 55. Qa1+ Kc2 56. Qf6 Qef2 57. Qxf2 Qxf2 58.
c6 Qf4+ 59. Kh1 Qc7 0-1

[Event "Østlandsserien 2004/2005, 2. div. A"]
[Site "Drammen, Buskerud NOR"]
[Date "2005.01.16"]
[Round "4"]
[White "Alne, Sture Magne"]
[Black "Lea, Per"]
[Result "1/2-1/2"]
[WhiteElo "1653"]
[BlackElo "1625"]
[PlyCount "66"]
[EventDate "2004.11.07"]

1. e4 e5 2. f4 d5 3. exd5 e4 4. d3 Nf6 5. dxe4 Nxe4 6. Qd3 Bf5 7. Nc3 Nxc3 8.
Qxc3 Qxd5 9. Be3 Nc6 10. Bc4 Qa5 11. Qxa5 Nxa5 12. Bb5+ c6 13. Ba4 Be7 14. Nf3
O-O 15. O-O-O b5 16. Bb3 Nxb3+ 17. axb3 a6 18. Ne5 Be4 19. Rhg1 Rfd8 20. g3 f6
21. Nd7 Kf7 22. c4 Ke8 23. Nb6 Rab8 24. c5 Rd3 25. Rxd3 Bxd3 26. b4 Rd8 27. Bd2
Rd4 28. Re1 Re4 29. Rxe4 Bxe4 30. Bc3 Kd8 31. Kd2 Kc7 32. Ke3 Bc2 33. g4 a5
1/2-1/2

[Event "Østlandsserien 2004/2005, 2. div. A"]
[Site "Drammen, Buskerud NOR"]
[Date "2005.01.16"]
[Round "4"]
[White "Hovland, Arne"]
[Black "Edvardsen, Ingar"]
[Result "1-0"]
[WhiteElo "1570"]
[BlackElo "1518"]
[PlyCount "113"]
[EventDate "2004.11.07"]

1. d4 Nf6 2. c4 g6 3. Nc3 Bg7 4. e4 d6 5. Nge2 O-O 6. Ng3 c6 7. h4 Nbd7 8. h5
e5 9. hxg6 fxg6 10. Bh6 Qe7 11. Bxg7 Qxg7 12. d5 c5 13. Nb5 Ne8 14. Qd2 Ndf6
15. a4 a6 16. Nc3 Bd7 17. Bd3 Nc7 18. Ra3 Rab8 19. Qe2 Qf7 20. Nd1 b5 21. axb5
axb5 22. Ne3 bxc4 23. Nxc4 Nb5 24. Ra6 Qe7 25. Qd2 Ra8 26. Qa5 Rab8 27. Nb6 Nd4
28. Ra7 Rfd8 29. Ne2 Qf8 30. Nxd4 cxd4 31. f3 Bc8 32. Bb5 Rb7 33. Bc6 Re7 34.
b4 Nh5 35. b5 Rxa7 36. Qxa7 Qf4 37. Kd1 Qf8 38. Nc4 Qf7 39. Qxf7+ Kxf7 40. Nb6
Ke7 41. g4 Nf6 42. Kd2 Rf8 43. Ra1 h5 44. Ra7+ Kd8 45. Nxc8 hxg4 46. Nxd6 g3
47. b6 g2 48. b7 Kc7 49. b8=Q+ Kxb8 50. Rb7+ Ka8 51. Rf7+ Kb8 52. Rb7+ Ka8 53.
Kd3 Nh5 54. Kc4 Nf4 55. Nb5 Rf7 56. Rb6+ Rb7 57. Rxb7 1-0

[Event "Østlandsserien 2004/2005, 2. div. A"]
[Site "Ås, Akershus NOR"]
[Date "2005.02.13"]
[Round "5"]
[White "Johansen, Øyvind"]
[Black "Ådnøy, Hallvard Voll"]
[Result "1/2-1/2"]
[WhiteElo "2145"]
[BlackElo "2192"]
[PlyCount "35"]
[EventDate "2004.11.07"]

1. d4 Nf6 2. c4 e6 3. Nc3 d5 4. Bg5 Be7 5. e3 O-O 6. Nf3 h6 7. Bh4 b6 8. Rc1
Bb7 9. cxd5 Nxd5 10. Bxe7 Qxe7 11. Bc4 Nd7 12. Qe2 c5 13. Ba6 Bxa6 14. Qxa6 Nb4
15. Qe2 e5 16. dxe5 Nxe5 17. Nxe5 Qxe5 18. a3 1/2-1/2

[Event "Østlandsserien 2004/2005, 2. div. A"]
[Site "Ås, Akershus NOR"]
[Date "2005.02.13"]
[Round "5"]
[White "Lunde, Sigmund"]
[Black "Gaasland, Glenn"]
[Result "1-0"]
[WhiteElo "1627"]
[BlackElo "1922"]
[PlyCount "55"]
[EventDate "2004.11.07"]

1. d4 Nf6 2. Nf3 e6 3. e3 b6 4. Bd3 Bb7 5. Nbd2 c5 6. c3 d6 7. O-O Be7 8. b3
Nc6 9. Ne4 Nxe4 10. Bxe4 f5 11. Bd3 O-O 12. Qc2 Rc8 13. d5 Ne5 14. Nxe5 dxe5
15. dxe6 e4 16. Bc4 Rf6 17. Rd1 Qe8 18. a4 Rh6 19. Qe2 Bf6 20. Bb2 Be5 21. g3
g5 22. Rd7 Bc6 23. Rad1 Kh8 24. Rf7 f4 25. Qg4 fxg3 26. fxg3 Bf6 27. Qf5 Rd8
28. Rxh7+ 1-0

[Event "Østlandsserien 2004/2005, 2. div. A"]
[Site "Ås, Akershus NOR"]
[Date "2005.02.13"]
[Round "5"]
[White "Næssvold, Kjell"]
[Black "Fjellengen, Bård"]
[Result "1/2-1/2"]
[WhiteElo "1913"]
[BlackElo "1648"]
[PlyCount "104"]
[EventDate "2004.11.07"]

1. e4 c5 2. Nf3 d6 3. d4 cxd4 4. Nxd4 Nf6 5. Nc3 g6 6. f3 Bg7 7. Be3 O-O 8. Qd2
Nc6 9. Bc4 Nxd4 10. Bxd4 Bd7 11. O-O-O Bc6 12. Kb1 a6 13. h4 h5 14. Nd5 Bxd5
15. Bxd5 Nxd5 16. Bxg7 Kxg7 17. exd5 Rc8 18. g4 Rh8 19. Qd4+ Kg8 20. g5 Kh7 21.
f4 Qd7 22. Qe4 e6 23. Qd4 exd5 24. Qxd5 Rhd8 25. Rh2 Rc5 26. Qd4 Qf5 27. b3
Rdc8 28. Rd3 Qg4 29. Kb2 Rf5 30. Qxd6 Qxf4 31. Qxf4 Rxf4 32. Rd7 b5 33. Rhd2
Kg7 34. R7d4 Rf5 35. a4 Rc7 36. axb5 axb5 37. c4 bxc4 38. bxc4 Rf3 39. Kc2 f6
40. Rd7+ Rxd7 41. Rxd7+ Kf8 42. gxf6 Rxf6 43. Rd4 Ke7 44. Kd3 Ke6 45. c5 Ke5
46. Rc4 Kd5 47. Rc1 Kc6 48. Ke4 Rf2 49. Rg1 Rf6 50. Ke5 Rf5+ 51. Ke6 Rf4 52.
Rxg6 Rxh4 1/2-1/2

[Event "Østlandsserien 2004/2005, 2. div. A"]
[Site "Tønsberg"]
[Date "2005.03.05"]
[Round "6.1"]
[White "Ådnøy, Hallvard"]
[Black "Aubert, Carsten"]
[Result "1-0"]
[WhiteElo "2192"]
[BlackElo "1848"]
[PlyCount "77"]
[EventDate "2005.??.??"]
[WhiteTeam "Follo 1"]
[BlackTeam "Tønsberg 1"]

1. d4 Nf6 2. Bg5 d5 3. Bxf6 exf6 4. e3 Be6 5. Bd3 Nd7 6. Ne2 g6 7. Nf4 Bg7 8.
h4 Qe7 9. Nd2 f5 10. c3 Nf6 11. Qb3 c6 12. O-O-O Ne4 13. Bxe4 fxe4 14. Nxe6
Qxe6 15. Kb1 b5 16. h5 a5 17. f3 exf3 18. gxf3 O-O 19. Rde1 b4 20. c4 a4 21.
Qd3 c5 22. hxg6 fxg6 23. cxd5 Qxd5 24. Rh4 cxd4 25. Reh1 h6 26. exd4 Qf5 27.
Ne4 Rac8 28. Rg4 Rfd8 29. Qa6 g5 30. Rxh6 Qxf3 31. Qe6+ Kf8 32. Rg1 Bxh6 33.
Qxh6+ Ke7 34. Qg7+ Qf7 35. Qxg5+ Kd7 36. Qb5+ Ke7 37. Qe5+ Kf8 38. Qh8+ Ke7 39.
Qe5+ 1-0

[Event "Østlandsserien 2004/2005, 2. div. A"]
[Site "Tønsberg"]
[Date "2005.03.05"]
[Round "6.2"]
[White "Høyhilder, Tord"]
[Black "Solem, Trond"]
[Result "0-1"]
[WhiteElo "1745"]
[BlackElo "2130"]
[PlyCount "42"]
[EventDate "2005.??.??"]
[WhiteTeam "Tønsberg 1"]
[BlackTeam "Follo 1"]

1. e4 e6 2. d4 d5 3. e5 c5 4. c3 Qb6 5. Nf3 Nc6 6. Bd3 Bd7 7. dxc5 Bxc5 8. O-O
f6 9. Qe2 fxe5 10. Nxe5 Nxe5 11. Qxe5 Nf6 12. Nd2 O-O 13. Nf3 Rae8 14. Bf4 Bb5
15. Bxb5 Qxb5 16. Bg3 Ne4 17. b4 Bb6 18. Nd4 Qc4 19. Rac1 Rf6 20. Bh4 Rf7 21.
Rc2 g6 0-1

[Event "Østlandsserien 2004/2005, 2. div. A"]
[Site "Tønsberg"]
[Date "2005.03.05"]
[Round "6.3"]
[White "Semakoff, Aleks"]
[Black "Einarsen, Kenneth"]
[Result "1-0"]
[WhiteElo "2056"]
[BlackElo "1663"]
[PlyCount "57"]
[EventDate "2005.??.??"]
[WhiteTeam "Follo 1"]
[BlackTeam "Tønsberg 1"]

1. e4 d6 2. d4 Nf6 3. Nc3 g6 4. Bg5 Bg7 5. Qd2 h6 6. Bh4 c6 7. f4 Qa5 8. Nf3 b5
9. Bd3 Bg4 10. O-O Bxf3 11. Rxf3 Qb4 12. e5 Nd5 13. Be4 Nxc3 14. bxc3 Qb2 15.
Rff1 d5 16. Bd3 Qa3 17. f5 g5 18. f6 Bf8 19. fxe7 Bxe7 20. Bg3 Na6 21. e6 f6
22. Bg6+ Kd8 23. Rf3 Qa5 24. Qf2 Rf8 25. Be5 f5 26. Rxf5 Rxf5 27. Qxf5 Kc8 28.
Rf1 Qd8 29. Qf7 1-0

[Event "Østlandsserien 2004/2005, 2. div. A"]
[Site "Tønsberg"]
[Date "2005.03.05"]
[Round "6.4"]
[White "Christensen, Roger"]
[Black "Næssvold, Kjell"]
[Result "0-1"]
[WhiteElo "1366"]
[BlackElo "1913"]
[PlyCount "42"]
[EventDate "2005.??.??"]
[WhiteTeam "Tønsberg 1"]
[BlackTeam "Follo 1"]

1. d4 Nf6 2. c4 c5 3. d5 b5 4. cxb5 a6 5. bxa6 Bxa6 6. Nf3 g6 7. g3 Bg7 8. Nc3
d6 9. Bg2 O-O 10. O-O Nbd7 11. Re1 Ng4 12. e4 Nge5 13. Bg5 h6 14. Bf4 Nd3 15.
Re3 Nxb2 16. Qc2 Nc4 17. Ree1 Qa5 18. Rac1 Rfb8 19. Nd1 Nde5 20. Nxe5 Qxe1+ 21.
Bf1 Na3 0-1

[Event "Østlandsserien 2004/2005, 2. div. A"]
[Site "Tønsberg"]
[Date "2005.03.05"]
[Round "6.5"]
[White "Lea, Per"]
[Black "Knudsen Beck, Anders"]
[Result "1-0"]
[WhiteElo "1625"]
[BlackElo "1394"]
[PlyCount "107"]
[EventDate "2005.??.??"]
[WhiteTeam "Follo 1"]
[BlackTeam "Tønsberg 1"]

1. e4 c5 2. Nf3 Nc6 3. d4 cxd4 4. Nxd4 e5 5. Nb5 d6 6. N1c3 a6 7. Na3 b5 8. Nd5
Nf6 9. Bg5 Be7 10. Bxf6 Bxf6 11. c3 O-O 12. Nc2 Bg5 13. h4 Be7 14. Nce3 Be6 15.
Bd3 Bxd5 16. exd5 Nb8 17. Qc2 g6 18. h5 Kg7 19. g4 Nd7 20. O-O-O Bg5 21. Kb1
Nc5 22. hxg6 hxg6 23. Rh3 Qd7 24. Rdh1 Rh8 25. Be2 Rxh3 26. Rxh3 Rh8 27. Rxh8
Kxh8 28. Qd1 Kg7 29. Nc2 Ne4 30. f3 Nd2+ 31. Ka1 a5 32. Na3 Qb7 33. Bxb5 Qxd5
34. Be2 Qc5 35. Nb1 Qe3 36. Nxd2 Qxd2 37. Qxd2 Bxd2 38. Kb1 Kf6 39. Kc2 Be3 40.
b4 axb4 41. cxb4 Kg5 42. a4 d5 43. a5 Kf6 44. b5 Ke6 45. b6 Kd6 46. Kb3 Kc6 47.
Ka4 f5 48. Bb5+ Kb7 49. Be8 fxg4 50. fxg4 g5 51. Kb5 Bxb6 52. axb6 d4 53. Bc6+
Kb8 54. Be4 1-0

[Event "Østlandsserien 2004/2005, 2. div. A"]
[Site "Ås, Akershus NOR"]
[Date "2005.03.06"]
[Round "7"]
[White "Christensson, Flemming"]
[Black "Ådnøy, Hallvard Voll"]
[Result "1/2-1/2"]
[WhiteElo "2309"]
[BlackElo "2192"]
[PlyCount "82"]
[EventDate "2004.11.07"]

1. d4 Nf6 2. c4 e6 3. Nc3 d5 4. Bg5 Be7 5. e3 O-O 6. Nf3 h6 7. Bxf6 Bxf6 8.
cxd5 exd5 9. Bd3 Re8 10. O-O c6 11. b4 Be6 12. Qb3 Qd6 13. Rfc1 Nd7 14. Na4 b5
15. Nc5 Nxc5 16. Rxc5 a5 17. Rac1 Bd7 18. a4 bxa4 19. Qxa4 axb4 20. Qxb4 Reb8
21. Qc3 Re8 22. Ra5 Rab8 23. Ra7 Rbd8 24. Nd2 Be7 25. Qc2 Qe6 26. Nb3 Rb8 27.
Nc5 Bxc5 28. Qxc5 Rb2 29. Qa3 Reb8 30. Ra8 Qe8 31. Rxb8 Qxb8 32. Qe7 Rb7 33.
Qc5 Rb3 34. Bc2 Rb4 35. Qe7 Rc4 36. Qa3 g6 37. Rb1 Qf8 38. Qa7 Rxc2 39. Qxd7
Qb4 40. Qe8+ Kg7 41. Qe5+ Kh7 1/2-1/2